[Event "Podgorica Buducnost op 2nd"]
[Site "Podgorica"]
[Date "2016.03.25"]
[Round "7"]
[White "Vukovic, Nemanja"]
[Black "Rakic, Tijana"]
[Result "1-0"]
[WhiteElo "2235"]
[BlackElo "1543"]
[PlyCount "75"]
[EventDate "2016.03.19"]
[EventType "swiss"]
[EventRounds "7"]
[EventCountry "MNE"]
[SourceTitle "CBM 171 Extra"]
[Source "ChessBase"]
[SourceDate "2016.04.26"]
[SourceVersion "1"]
[SourceVersionDate "2016.04.26"]
[SourceQuality "1"]

1. d4 f5 2. c4 e6 3. Nc3 Nf6 4. Bg5 Bb4 5. Qc2 h6 6. Bxf6 Qxf6 7. Nf3 b6 8. e3 Bb7 9. Be2 0-0 10. 0-0 d6 11. a3 Bxc3 12. Qxc3 Nd7 13. Rfd1 Qg6 14. Rac1 Nf6 15. Qb4 a5 16. Qb3 Nh5 17. c5 Bd5 18. Qb5 f4 19. Rf1 fxe3 20. fxe3 Rf6 21. cxd6 cxd6 22. Qxb6 Raf8 23. Kh1 Qg4 24. Rc2 Be4 25. Rd2 Rg6 26. Bd1 Nf6 27. Qxd6 Nd5 28. Qxf8+ Kxf8 29. Ne5+ Qf5 30. Nxg6+ Kf7 31. Rxf5+ exf5 32. Ne5+ Kf6 33. Bf3 Nxe3 34. Bxe4 fxe4 35. Re2 Nd1 36. b4 axb4 37. axb4 Ke6 38. b5 1-0

[Event "Podgorica Buducnost op 2nd"]
[Site "Podgorica"]
[Date "2016.03.23"]
[Round "5"]
[White "Skenderovic, Ismet"]
[Black "Vukovic, Nemanja"]
[Result "1-0"]
[WhiteElo "2048"]
[BlackElo "2235"]
[PlyCount "149"]
[EventDate "2016.03.19"]
[EventType "swiss"]
[EventRounds "7"]
[EventCountry "MNE"]
[SourceTitle "CBM 171 Extra"]
[Source "ChessBase"]
[SourceDate "2016.04.26"]
[SourceVersion "1"]
[SourceVersionDate "2016.04.26"]
[SourceQuality "1"]

1. d4 d5 2. c4 e6 3. Nf3 Nf6 4. Nc3 Be7 5. Bf4 Nbd7 6. c5 b6 7. b4 c6 8. e3 0-0 9. Bd3 h6 10. 0-0 Bb7 11. Re1 Re8 12. Bc2 Nh5 13. Ne5 Nxf4 14. exf4 Nxe5 15. fxe5 Ba6 16. f4 Bc4 17. f5 b5 18. fxe6 fxe6 19. Qg4 Bg5 20. g3 Bd2 21. Qg6 Qg5 22. Qh7+ Kf8 23. Rf1+ Bxf1 24. Rxf1+ Ke7 25. Bg6 Kd7 26. Bxe8+ Rxe8 27. Qd3 Qe3+ 28. Qxe3 Bxe3+ 29. Kg2 Bxd4 30. Ne2 Bxe5 31. Rf7+ Re7 32. Rf8 d4 33. Nc1 Kc7 34. Kf3 Bf6 35. h4 e5 36. Ke4 Rd7 37. Nd3 Re7 38. Nf2 Kd7 39. Ng4 Ke6 40. Rc8 Kd7 41. Ra8 Ke6 42. Rc8 Kd7 43. Rf8 Ke6 44. Rc8 Kd7 45. Ra8 Ke6 46. h5 Rc7 47. Re8+ Kf7 48. Ra8 Rd7 49. Nf2 Bg5 50. Nd3 Bf6 51. Rc8 Ke7 52. Rxc6 Rd8 53. Ra6 Rd7 54. c6 Rc7 55. Kd5 e4 56. Kxe4 Kd6 57. Nc5 Re7+ 58. Kf3 Re3+ 59. Kf2 Rc3 60. Ne4+ Kc7 61. Nxc3 dxc3 62. Ke2 Be7 63. a3 Bg5 64. Kd3 Bd2 65. Rxa7+ Kxc6 66. Rxg7 Be1 67. g4 Bg3 68. g5 hxg5 69. Rxg5 Be1 70. h6 Bh4 71. Rg6+ Kd5 72. h7 Be1 73. h8Q Bh4 74. Qh5+ Bg5 75. Qxg5# 1-0

[Event "Podgorica Buducnost op 2nd"]
[Site "Podgorica"]
[Date "2016.03.21"]
[Round "3"]
[White "Vukovic, Nemanja"]
[Black "Durutovic, Dragutin"]
[Result "0-1"]
[WhiteElo "2235"]
[BlackElo "2060"]
[PlyCount "62"]
[EventDate "2016.03.19"]
[EventType "swiss"]
[EventRounds "7"]
[EventCountry "MNE"]
[SourceTitle "CBM 171 Extra"]
[Source "ChessBase"]
[SourceDate "2016.04.26"]
[SourceVersion "1"]
[SourceVersionDate "2016.04.26"]
[SourceQuality "1"]

1. d4 Nf6 2. c4 e5 3. e3 e4 4. Nc3 c6 5. Nge2 Bd6 6. g3 0-0 7. Bg2 Re8 8. 0-0 Bc7 9. Qc2 d5 10. Qb3 h5 11. Bd2 h4 12. Rfe1 a5 13. a4 Na6 14. Rac1 dxc4 15. Qxc4 Be6 16. d5 cxd5 17. Qb5 hxg3 18. fxg3 Bb6 19. Nf4 Bd7 20. Qb3 Nc5 21. Qa3 Bc6 22. Rcd1 g5 23. Nfe2 Qd7 24. Nc1 Kg7 25. Bf1 Rh8 26. Re2 Ng4 27. Qa1 f6 28. Rg2 d4 29. exd4 Qxd4+ 30. Kh1 Nb3 31. Nxb3 Qg1+ 0-1